Getting connected (Record no. 112560)

MARC details
000 -LEADER
fixed length control field 01187cad a22002175a 4500
001 - CONTROL NUMBER
control field L153511
008 - FIXED-LENGTH DATA ELEMENTS--GENERAL INFORMATION
fixed length control field 110803e20110119xxk f 000 0 eng d
035 ## - SYSTEM CONTROL NUMBER
System control number (Sirsi) u153511
041 0# - LANGUAGE CODE
Language code of text/sound track or separate title eng
110 2# - MAIN ENTRY--CORPORATE NAME
Corporate name or jurisdiction name as entry element British Property Federation
9 (RLIN) 1604
245 00 - TITLE STATEMENT
Title Getting connected
Remainder of title utilities connections, a guide for developers, July 2011
Medium [electronic resource]
260 ## - PUBLICATION, DISTRIBUTION, ETC.
Place of publication, distribution, etc. London
Name of publisher, distributor, etc. Davis Langdon
Date of publication, distribution, etc. 2011
520 ## - SUMMARY, ETC.
Summary, etc. Organising utility connections is often cited as the single most common cause of delay in construction projects. This guide explains the current system for obtaining new connections to gas, electricity and water services. Describes the role of the major players involved in the process. Sets out the problems most commonly experienced by contractors and developers and ways to mitigate them.
590 ## - LOCAL NOTE (RLIN)
Local note KA NTK
651 #4 - SUBJECT ADDED ENTRY--GEOGRAPHIC NAME
Geographic name United Kingdom
Chronological subdivision
690 ## - LOCAL SUBJECT ADDED ENTRY--TOPICAL TERM (OCLC, RLIN)
Topical term or geographic name as entry element Project management
9 (RLIN) 6261
690 ## - LOCAL SUBJECT ADDED ENTRY--TOPICAL TERM (OCLC, RLIN)
Topical term or geographic name as entry element BUILT ENVIRONMENT-CONSTRUCTION MANAGEMENT
710 1# - ADDED ENTRY--CORPORATE NAME
Corporate name or jurisdiction name as entry element Davis Langdon
9 (RLIN) 4649
856 40 - ELECTRONIC LOCATION AND ACCESS
Uniform Resource Identifier <a href="https://www.bpf.org.uk/en/files/bpf_documents/construction/Getting_Connected_utilities_guide_for_developers.pdf">https://www.bpf.org.uk/en/files/bpf_documents/construction/Getting_Connected_utilities_guide_for_developers.pdf</a>
Public note View the report free of charge at www.bpf.org.uk
942 ## - ADDED ENTRY ELEMENTS (KOHA)
Suppress in OPAC 0
Holdings
Withdrawn status Lost status Source of classification or shelving scheme Damaged status Not for loan Home library Current library Shelving location Date acquired Total Checkouts Full call number Barcode Date last seen Copy number Price effective from Koha item type
    Dewey Decimal Classification     Virtual Virtual Online 03/08/2011   ONLINE PUBLICATION 153511-2001 06/08/2019 1 06/08/2019 Book